Arts in criminal justice and corrections: international perspectives on methods, journeys, and challenges
| Contributors: | ; |
|---|---|
| Format: | Print Book |
| Language: | English |
| Published: |
London New York
Routledge
2025
|
| In: | Year: 2025 |
| Online Access: |
Table of Contents Blurb |
| Availability in Tübingen: | Present in Tübingen. UB: KB 21 A 4801 |
| Check availability: | HBZ Gateway |
| Subito Delivery Service: | Order now. |
| Volumes / Articles: | Show volumes/articles. |
| Keywords: | |
| Parallel Edition: | Electronic
|
MARC
| LEADER | 00000cam a2200000 c 4500 | ||
|---|---|---|---|
| 001 | 1912021587 | ||
| 003 | DE-627 | ||
| 005 | 20260421125429.0 | ||
| 007 | tu | ||
| 008 | 241211s2025 xxk||||| 00| ||eng c | ||
| 010 | |a 2024028877 | ||
| 020 | |a 9781032512990 |q hardback |9 978-1-032-51299-0 | ||
| 020 | |a 9781032512976 |q paperback |9 978-1-032-51297-6 | ||
| 035 | |a (DE-627)1912021587 | ||
| 035 | |a (DE-599)KXP1912021587 | ||
| 035 | |a (OCoLC)1550467641 | ||
| 040 | |a DE-627 |b ger |c DE-627 |e rda | ||
| 041 | |a eng | ||
| 044 | |c XA-GB | ||
| 050 | 0 | |a HV8883 | |
| 072 | 7 | |a ART |2 bisacsh | |
| 072 | 7 | |a SOC |2 bisacsh | |
| 072 | 7 | |a JKV |2 bicssc | |
| 082 | 0 | |a 365/.666 |q DLC |2 23/eng/20250106 | |
| 084 | |a 2,1 |2 ssgn | ||
| 245 | 0 | 0 | |a Arts in criminal justice and corrections |b international perspectives on methods, journeys, and challenges |c edited by Amanda Gardner and Laura Caulfield |
| 264 | 1 | |a London |a New York |b Routledge |c 2025 | |
| 300 | |a xvi, 225 Seiten |b Illustrationen | ||
| 336 | |a Text |b txt |2 rdacontent | ||
| 337 | |a ohne Hilfsmittel zu benutzen |b n |2 rdamedia | ||
| 338 | |a Band |b nc |2 rdacarrier | ||
| 583 | 1 | |a Archivierung/Langzeitarchivierung gewährleistet |f FID |x XA-DE-BW |2 pdager |5 DE-21 | |
| 650 | 0 | |a Arts in prisons |2 DLC | |
| 689 | 0 | 0 | |d g |0 (DE-588)4078704-7 |0 (DE-627)106076612 |0 (DE-576)209209682 |a USA |2 gnd |
| 689 | 0 | 1 | |d g |0 (DE-588)4022153-2 |0 (DE-627)104665513 |0 (DE-576)208942076 |a Großbritannien |2 gnd |
| 689 | 0 | 2 | |d g |0 (DE-588)4041915-0 |0 (DE-627)106216899 |0 (DE-576)209047615 |a Neuseeland |2 gnd |
| 689 | 0 | 3 | |d g |0 (DE-588)4005406-8 |0 (DE-627)106381814 |0 (DE-576)208860592 |a Belgien |2 gnd |
| 689 | 0 | 4 | |d s |0 (DE-588)4057808-2 |0 (DE-627)106149415 |0 (DE-576)20912377X |a Strafvollzug |2 gnd |
| 689 | 0 | 5 | |d s |0 (DE-588)4073137-6 |0 (DE-627)106093193 |0 (DE-576)209189517 |a Justizvollzugsanstalt |2 gnd |
| 689 | 0 | 6 | |d s |0 (DE-588)4114333-4 |0 (DE-627)105822957 |0 (DE-576)209483733 |a Kunst |2 gnd |
| 689 | 0 | 7 | |d s |0 (DE-588)4040802-4 |0 (DE-627)104137754 |0 (DE-576)209042346 |a Musik |2 gnd |
| 689 | 0 | 8 | |d s |0 (DE-588)4020650-6 |0 (DE-627)106317229 |0 (DE-576)208934286 |a Gesellschaftsspiel |2 gnd |
| 689 | 0 | 9 | |d s |0 (DE-588)4247490-5 |0 (DE-627)104557435 |0 (DE-576)210488190 |a Reintegration |2 gnd |
| 689 | 0 | 9 | |d s |0 (DE-588)1317604024 |0 (DE-627)1879495961 |a Desistance |2 gnd |
| 689 | 0 | |5 (DE-627) | |
| 700 | 1 | |a Gardner, Amanda |e HerausgeberIn |0 (DE-588)1389541282 |0 (DE-627)1960757288 |4 edt | |
| 700 | 1 | |a Caulfield, Laura |d 1981- |e HerausgeberIn |0 (DE-588)1052138519 |0 (DE-627)787916404 |0 (DE-576)404706444 |4 edt | |
| 776 | 1 | |z 9781003401582 |c ebook | |
| 776 | 0 | 8 | |i Erscheint auch als |n Online-Ausgabe |t ARTS IN CRIMINAL JUSTICE AND CORRECTIONS |d [S.l.] : ROUTLEDGE, 2025 |h 1 online resource |w (DE-627)1912394561 |z 9781040176399 |z 1040176399 |z 9781003401582 |z 1003401589 |z 9781040176337 |z 104017633X |k Electronic |
| 856 | 4 | 2 | |u https://swbplus.bsz-bw.de/bsz1912021587inh.htm |m V:DE-576 |m B:DE-Frei85 |v 20250127193120 |3 Inhaltsverzeichnis |7 1 |
| 856 | 4 | 2 | |u https://swbplus.bsz-bw.de/bsz1912021587kla.htm |m V:DE-576 |m B:DE-21 |v 20260224200434 |3 Klappentext |7 1 |
| 935 | |a mkri | ||
| 951 | |a BO | ||
| ELC | |b 1 | ||
| LOK | |0 000 xxxxxcx a22 zn 4500 | ||
| LOK | |0 001 4803579156 | ||
| LOK | |0 003 DE-627 | ||
| LOK | |0 004 1912021587 | ||
| LOK | |0 005 20251215135442 | ||
| LOK | |0 008 251112||||||||||||||||ger||||||| | ||
| LOK | |0 040 |a DE-21 |c DE-627 |d DE-21 | ||
| LOK | |0 852 |a DE-21 | ||
| LOK | |0 852 1 |c KB 21 A 4801 |9 00 | ||
| LOK | |0 935 |a krim | ||
| LOK | |0 938 |a 2512 |f 34 | ||
| LOK | |0 939 |a 2025-11-12 |b l01 | ||
| LOK | |0 000 xxxxxcx a22 zn 4500 | ||
| LOK | |0 001 4634627914 | ||
| LOK | |0 003 DE-627 | ||
| LOK | |0 004 1912021587 | ||
| LOK | |0 005 20250121093548 | ||
| LOK | |0 008 241211||||||||||||||||ger||||||| | ||
| LOK | |0 040 |a DE-Frei85 |c DE-627 |d DE-Frei85 | ||
| LOK | |0 852 |a DE-Frei85 | ||
| LOK | |0 852 1 |m p |9 00 | ||
| LOK | |0 938 |k p | ||
| LOK | |0 939 |a 2024-12-11 |b l01 | ||
| ORI | |a WA-MARC-krimdoka001.raw | ||
| SIG | |a UB: KB 21 A 4801 | ||
| SPR | |a 1 |t KRI | ||
| TIM | |a 100017070101_100020261231 |b 1707 - 2026 | ||
